• 首页
  • 本馆介绍
  • 公告通知
  • 最新文献
  • 馆藏检索
  • 电子资源
  • 读者导购
  • 参考咨询
  • 我的图书馆
  • 登录
  • 详细信息显示
  • 放入我的书架
  • 预约/预借图书
  • 作者相关作品
  • 分类相关作品
  • 丛书相关作品
  • 出版社相关作品

书目信息

  • 表格格式
  • 工作单格式
  • 卡片格式
题名:
税收筹划教程
    
 
作者: 张中秀 , 王晓菲 , 李首雁 编著
分册:  
出版信息: 北京   中国人民大学出版社  2005
页数: 356页
开本: 23cm
丛书名:
单 册:
中图分类: F810.423
科图分类:
主题词: 税收筹划--远距离教育--教材 , 税收筹划
电子资源:
ISBN: 7-300-06601-1
000 01073nam0 2200289 450
000 01093nam0 2200289 450
000 01022nam0 2200265 450
000 00986nam0 2200253 45
005 20070725165448.43
010    @a7-300-06601-1@dCNY25.00
100    @a20070711d2005 em y0chiy0120 ea
101 0  @achi
102    @aCN@b110000
105    @ay z 000yy
200 1  @a税收筹划教程@AShui Shou Chou Hua Jiao Cheng@f张中秀,王晓菲,李首雁编著@FZhang Zhong Xiu, Wang Xiao Fei, Li Shou Yan Bian Zhu
210    @a北京@c中国人民大学出版社@d2005
215    @a356页@d23cm
300    @a21世纪远程教育精品教材
330    @a本书内容分为理论、方法、实战三部分,分别讲述了纳税筹划的预备知识和纳税筹划的四大理论、税收筹划的基本方法以及筹划方法的分类,具有较强的实用性和操作性。
606 0  @a税收筹划@x远距离教育@j教材
606 0  @a税收筹划
690    @aF810.423@v4
701  0 @a张中秀@AZhang Zhong Xiu@c(财政金融)@4编著
701  0 @a王晓菲@AWang Xiao Fei@4编著
701  0 @a李首雁@ALi Shou Yan@4编著
801  0 @aCN@bTAOJIN@c20070725
905    @a10447@dF810.423@e49
    
    税收筹划教程/张中秀,王晓菲,李首雁编著.-北京:中国人民大学出版社,2005
    356页;23cm
    21世纪远程教育精品教材
    
    ISBN 7-300-06601-1:CNY25.00
    本书内容分为理论、方法、实战三部分,分别讲述了纳税筹划的预备知识和纳税筹划的四大理论、税收筹划的基本方法以及筹划方法的分类,具有较强的实用性和操作性。
●
相关链接 在E读中查询图书 在五车中查询图书 在当当中查询图书 在豆瓣中查询图书


正题名:税收筹划教程     索取号:F810.423/49         预约/预借

序号 登录号 条形码 馆藏地/架位号 状态 备注
1 0826266   208262663   第一样本阅览室/ [索取号:F810.423/49] 在馆    
2 0826267   208262672   第一借阅区/ [索取号:F810.423/49] 在馆    
3 0826268   208262681   密集书库/ [索取号:F810.423/49] 在馆    
4 0826269   208262690   第一借阅区/ [索取号:F810.423/49] 在馆    
5 0826270   208262707   第一借阅区/ [索取号:F810.423/49] 在馆    
6 0826271   208262716   密集书库/ [索取号:F810.423/49] 在馆    
7 0826272   208262725   第一借阅区/ [索取号:F810.423/49] 在馆    
唐山师范学院图书馆 欢迎您!
大连网信软件有限公司© 版权所有